000 00886nam a2200277Ia 4500
003 OSt
005 20221005062305.0
006 a|||||r|||| 00| 0
007 ta
008 221004b |||||||| |||| 00| 0 eng d
020 _a9780483223
_c595
024 _a7699
037 _b1907, 14/10/2013, Success Book Service
_cTextual
040 _aCRL
_cCRL
_beng
041 _2eng
_aeng
082 _aY73(P15):(U42), P9
100 _aSafran William Ed.
245 0 _aTransnational migrations
_b Indian Diaspora
260 _aLondon
_bRoutledge UK
_c2013
300 _axxxv, 174p.
_ccm.
650 _aSOCIOLOGY
700 _a Brij V. Lal Ed.
_9601651
700 _a Sahoo Ajaya Kumar
_9435151
942 _hY73(P15):(U42), P9
_cTEXL
_2cc
999 _c969472
_d969472